Scattering theory for automorphic functions /

Guardado en:
Autor Principal: Lax, Peter D.
Otros Autores: Phillips, Ralph S. 1913-
Formato: Libro
Idioma:English
Publicado: Princeton, N.J. : Princeton University Press : University of Tokyo Press, 1976.
Series:Annals of mathematics studies ; no. 87
Materias:
Acceso en línea:Google Book Search
Etiquetas: Agregar Etiqueta
Sin Etiquetas, Sea el primero en etiquetar este registro!
LEADER 00980cam a2200265 a 4500
001 MAT.inmabb004339
008 760707s1976####njuc#####b####001#0#eng##
005 20120515125746.0
245 1 0 |a Scattering theory for automorphic functions /  |c by Peter D. Lax and Ralph S. Phillips. 
260 |a Princeton, N.J. :  |b Princeton University Press :  |b University of Tokyo Press,  |c 1976. 
300 |a x, 300 p. :  |b retr. ;  |c 24 cm. 
440 0 |a Annals of mathematics studies ;  |v no. 87 
504 |a Bibliografía: p. 297-298. 
510 4 |a MR,  |c 58 #27768 
020 |a 0691081794 
020 |a 0691081840 (pbk.) 
100 1 |a Lax, Peter D. 
700 1 |a Phillips, Ralph S.  |q (Ralph Saul),  |d 1913- 
650 0 |a Automorphic functions. 
650 0 |a Scattering (Mathematics) 
084 |a 11FXX (35P25 47A40)  |2 msc2000 
010 |a  76003028  
040 |a DLC  |c DLC  |d DLC 
856 4 |u http://books.google.com/books?vid=ISBN0691081840  |y Google Book Search 
859 |h 11  |i L425  |p A-5510  |b BIB. MATEMATICA